000 00783nac a22002051u 4500
020 _a0688039693 :
082 0 4 _a658.4092
_bB6392
090 _c2516
_d2516
100 _aBlanchard, Kenneth H.
245 1 0 _aLeadership and the one minute manager :
_bincreasing effectiveness through situational leadership /
_cKenneth Blanchard, Patricia Zigarmi, Drea Zigarmi.
260 _aNew York :
_bMorrow,
_c1985.
300 _a111 p. :
_bill. ;
_c22 cm.
500 _aShuaa.
650 0 _aLeadership.
650 0 _aManagement.
700 1 _aZigarmi, Patricia.
700 1 _aZigarmi, Drea.
942 _cBB
_k658.4092 B6392
999 _c2516
_d2516